Απαρίθμησις λογίων Γραικών : (J.A. Fabricius, Bibliotheca Graeca)

Αποθηκεύτηκε σε:
Λεπτομέρειες βιβλιογραφικής εγγραφής
Κύριος συγγραφέας: Fabricius, Johan Albert 1668-1736
Άλλοι συγγραφείς: Προκοπίου, Δημήτριος
Μορφή: Βιβλίο
Γλώσσα:Greek
Δημοσίευση: Αθήνα : Καραβίας, [χ.χ.]
Σειρά:Βιβλιοθήκη Ιστορικών Μελετών ; 16
Θέματα:
Ετικέτες: Προσθήκη ετικέτας
Δεν υπάρχουν, Καταχωρήστε ετικέτα πρώτοι!

MARC

LEADER 00000nam a2200000 i 4500
001 1/97264
008 950210s gre d
035 |l 10010491 
040 |a GR-MY-UA  |b gre  |e aacr 
041 0 |a gre 
082 0 |a 888  |2 (22) 
100 1 |a Fabricius, Johan Albert  |d 1668-1736. 
245 1 0 |a Απαρίθμησις λογίων Γραικών :  |b (J.A. Fabricius, Bibliotheca Graeca) /  |c Δημήτριος Προκοπίου [Παμπέρης] 
260 |a Αθήνα :   |b Καραβίας,   |c [χ.χ.] 
300 |a σ. 770-808 
490 1 |a Βιβλιοθήκη Ιστορικών Μελετών  |v ; 16 
500 |a Φωτοτυπική ανατύπωση του βιβλίου του J. A. Fabricius: Bibliotheca Graeca, τ.XI, Humburg 1722, σελ. 769-808 
630 0 0 |a Bibliotheca Graeca. 
650 0 0 |a Greek literature  |x Bibliography. 
700 1 |a Προκοπίου, Δημήτριος. 
852 |a INST  |b LESVOS  |e 19950210  |h 888 FAB  |p 005100002988  |q 005100002988  |t BK  |y 0 
909 |a Λ  |b 027967 
922 |a 1ΕΛΗ  |b 199308  |c ΠΠ/3172 
970 |z 2000/06/ΟΙΚΟΝΟΜΟΠΟΥΛΟΥ ΧΡΙΣΤΙΝΑ